000 00504nam a22001697a 4500
005 20260317155749.0
008 260317b |||||||| |||| 00| 0 eng d
020 _a9781639209606
040 _cVITAP
082 _223rd Ed.
_a614 DAS
100 _aDass, K.
_917284
245 _aPublic Health and Hygiene
_c/ K. Dass
260 _aChennai
_bNotion Press
300 _a47p. : ill. ; 28cm
650 0 _aPublic health; Hygiene; Preventive medicine; Health promotion; Sanitation
_917285
942 _2ddc
_cREF
999 _c47360
_d47360